000 00577nam a22001817a 4500
005 20251108165504.0
008 250721s1969 xx 000 0 ara d
082 1 4 _aم/961.103/وثا
245 1 0 _aوثائق تونسية :
_bثورة إبن غذاهم 1864 /
264 1 _aتونس :
_bالدار التونسية للنشر،
_c1969.
300 _a
490 0 _aسلسلة المكتبة التاريخية ؛ 4
650 1 7 _aتونس
650 1 7 _aالتاريخ السياسي
650 1 7 _aالقرن التاسع عشر
942 _2ddc
_cREF
999 _c29126
_d29126